فسلجة تناسل اللبائن و الطيور / (رقم التسجيلة. 21780)
[ عرض عادي ]
| 000 -LEADER | |
|---|---|
| fixed length control field | 00573nam a22001937a 4500 |
| 005 - DATE AND TIME OF LATEST TRANSACTION | |
| control field | 20251108165207.0 |
| 008 - FIXED-LENGTH DATA ELEMENTS--GENERAL INFORMATION | |
| fixed length control field | 250721s1982 xx 000 0 ara d |
| 082 14 - DEWEY DECIMAL CLASSIFICATION NUMBER | |
| Classification number | 591.1/نال |
| 100 1# - MAIN ENTRY--PERSONAL NAME | |
| Personal name | نالبندوف، اى . في |
| 245 10 - TITLE STATEMENT | |
| Title | فسلجة تناسل اللبائن و الطيور / |
| 250 ## - EDITION STATEMENT | |
| Edition statement | ط3 |
| 264 1# - PRODUCTION, PUBLICATION, DISTRIBUTION, MANUFACTURE, AND COPYRIGHT NOTICE | |
| Place of production, publication, distribution, manufacture | البصرة : |
| Name of producer, publisher, distributor, manufacturer | جامعة البصرة، |
| Date of production, publication, distribution, manufacture, or copyright notice | 1982. |
| 300 ## - PHYSICAL DESCRIPTION | |
| Extent | 424ص : مص |
| 650 17 - SUBJECT ADDED ENTRY--TOPICAL TERM | |
| Topical term or geographic name as entry element | الحيوانات |
| 650 17 - SUBJECT ADDED ENTRY--TOPICAL TERM | |
| Topical term or geographic name as entry element | الفسيولوجيا |
| 700 1# - ADDED ENTRY--PERSONAL NAME | |
| Personal name | ال طه، طه جاسم |
| Relator term | ترجمة |
| 942 ## - ADDED ENTRY ELEMENTS (KOHA) | |
| Source of classification or shelving scheme | Dewey Decimal Classification |
| Koha item type | كتب |
| حالة السحب | حالة الفقدان | مصدر التصنيف | حالة التلف | غير قابل للإعارة | المكتبة الرئيسية | المكتبة الحالية | موقع الرف | تاريخ التزويد | الرقم المتسلسل | Total Checkouts | رقم الإستدعاء | الباركود | تاريخ آخر ظهور | تاريخ الفاتورة | نوع المادة (كوها) |
|---|---|---|---|---|---|---|---|---|---|---|---|---|---|---|---|
| Dewey Decimal Classification | مكتبة الأميرة ايمان العامة | مكتبة الأميرة ايمان العامة | الإعارة | 28/09/2013 | [1728] | 591.1/نال | PLD00280068 | 28/07/2025 | 28/09/2013 | كتب |